Library of the University of Algiers 3
Ibrahim Sultan Cheibout
شعار جامعة الجزائر 3
مكتبة جامعة الجزائر 3
إبراهيم سلطان شيبوط

الاقتصاد العالمي ما بعد الأزمة المالية والاقتصادية العالمية 2008-2009 / (رقم التسجيلة. 46274)

تفاصيل مارك
000 -LEADER
fixed length control field 01342nam a2200229Ia 4500
003 - CONTROL NUMBER IDENTIFIER
control field Ost
005 - DATE AND TIME OF LATEST TRANSACTION
control field 20260507075801.0
008 - FIXED-LENGTH DATA ELEMENTS--GENERAL INFORMATION
fixed length control field 260507s9999||||xx |||||||||||||| ||und||
020 ## - INTERNATIONAL STANDARD BOOK NUMBER
International Standard Book Number 9789947600061
040 ## - CATALOGING SOURCE
Transcribing agency fsecg
041 ## - LANGUAGE CODE
Language code of text/sound track or separate title ara
082 ## - DEWEY DECIMAL CLASSIFICATION NUMBER
Classification number 338.54
100 ## - MAIN ENTRY--PERSONAL NAME
Personal name الموسوي، ضياء مجيد
Relator term مؤلف
245 #0 - TITLE STATEMENT
Title الاقتصاد العالمي ما بعد الأزمة المالية والاقتصادية العالمية 2008-2009 /
Statement of responsibility, etc. ضياء مجيد الموسوي
260 ## - PUBLICATION, DISTRIBUTION, ETC.
Place of publication, distribution, etc. الجزائر :
Name of publisher, distributor, etc. مؤسسة كنوز الحكمة,
Date of publication, distribution, etc. 2012
300 ## - PHYSICAL DESCRIPTION
Extent 182 صفحة؛
Other physical details إيضاحات ؛
Dimensions 23 سم
520 ## - SUMMARY, ETC.
Summary, etc. يتناول الكتاب الأسباب الكامنة وراء الأزمة ودور السياسة المالية القصيرة الأمد في الانتعاش من الأزمة، إجراءات تنشيط الاقتصاد المالي العالمي للخروج من الأزمة ، كيفية تصحيح البنيان المالي ويضم لجنة بازل للرقابة الدولية والاقتصاد الحقيقي العالمي وما بعد الأزمة المالية والاقتصادية العالمية 2008-2009.
653 ## - INDEX TERM--UNCONTROLLED
Uncontrolled term الأزمات الاقتصادية
653 ## - INDEX TERM--UNCONTROLLED
Uncontrolled term الاقتصاد الدولي
653 ## - INDEX TERM--UNCONTROLLED
Uncontrolled term التضخم المالي
942 ## - ADDED ENTRY ELEMENTS (KOHA)
Koha item type كتب
المقتنيات
Withdrawn status Lost status Source of classification or shelving scheme Damaged status Not for loan Home library Current library Date acquired Serial enumeration / chronology Inventory number Total checkouts Full call number Barcode Date last seen Price effective from Koha item type
    Library of Congress Classification   NOT LOAN / إعارة داخلية مكتبة كلية العلوم الإقتصادية والعلوم التجارية وعلوم التسيير مكتبة كلية العلوم الإقتصادية والعلوم التجارية وعلوم التسيير 07/05/2026 الطابق الأرضي 025.21/527   481/025.21ن01 025.21/527 07/05/2026 07/05/2026 كتب

موارد الويب المفتوحة


© University of Algiers 3 All Rights Reserved
|
Implemented by LECHELAH Riad